000 00541nam a2200181Ia 4500
003 GCL
008 140319s9999 xx 000 0 ara d
040 _aGCL /
_cGCL
082 0 4 _aط
_b301.22
_bم ث
100 1 _aالمجلس الاعلى للثقافة
245 1 0 _aثقافة الطفل /
_cالمجلس الاعلى للثقافة
300 _a165 ص
490 _aالهيئة العامة للاستعلامات
_v0
650 0 4 _aالاطفال
650 0 4 _aقصص الاطفال
650 0 4 _aالثقافة
942 _2ddc
_cBK
999 _c51496
_d51496